[Event "VL18/19"]
[Site "Mecklenburg-Vorpommern"]
[Date "2019.03.10"]
[Round "7.4"]
[White "Fischer, Torsten"]
[Black "Hartzendorf, Jonathan"]
[Result "1-0"]
[WhiteElo "1975"]
[BlackElo "1773"]
[PlyCount "113"]
[EventDate "2018.??.??"]
[EventType "team-tourn"]
[EventRounds "9"]
[EventCountry "GER"]
[WhiteTeam "SF Schwerin III"]
[BlackTeam "SSC Rostock"]
[WhiteTeamCountry "GER"]
[BlackTeamCountry "GER"]

1. f4 d5 2. Nf3 Nf6 3. g3 c5 4. Bg2 Nc6 5. c3 Bf5 6. d3 Qd7 7. O-O Bh3 8. Qc2
Bxg2 9. Kxg2 d4 10. Na3 g6 11. e4 dxe3 12. Bxe3 b6 13. Rad1 Bg7 14. h3 O-O 15.
Nc4 Qd5 16. a4 Rfe8 17. Bg1 Rad8 18. Ne3 Qd7 19. Ng5 Qb7 20. Kh2 h6 21. Ne4 e6
22. Nc4 Nxe4 23. dxe4 Rxd1 24. Rxd1 Rd8 25. Nd6 Qe7 26. Nc4 g5 27. Be3 f6 28.
Kg2 Rd7 29. Kf3 Qd8 30. Ke2 Kf7 31. Rxd7+ Qxd7 32. Qd3 Ke7 33. a5 Qc7 34. axb6
axb6 35. b4 cxb4 36. Bxb6 Qb8 37. Bc5+ Ke8 38. Nd6+ Kf8 39. cxb4 Kg8 40. Qc4
Nd8 41. f5 Bf8 42. fxe6 Bxd6 43. Bxd6 Qa8 44. e7+ Nf7 45. Bc7 Kg7 46. b5 Qe8
47. Qc5 Qa8 48. Ke3 g4 49. h4 f5 50. exf5 Qf3+ 51. Kd4 Qd1+ 52. Kc4 Qa4+ 53.
Kd5 Qa8+ 54. Qc6 Qa2+ 55. Qc4 Qa8+ 56. Kd4 Qe8 57. Qe6 1-0

[Event "VL18/19"]
[Site "Mecklenburg-Vorpommern"]
[Date "2019.03.10"]
[Round "7.5"]
[White "Wurst, Oliver"]
[Black "Kupfernagel, Michael"]
[Result "0-1"]
[WhiteElo "1618"]
[BlackElo "1939"]
[PlyCount "76"]
[EventDate "2018.??.??"]
[EventType "team-tourn"]
[EventRounds "9"]
[EventCountry "GER"]
[WhiteTeam "SSC Rostock"]
[BlackTeam "SF Schwerin III"]
[WhiteTeamCountry "GER"]
[BlackTeamCountry "GER"]

1. d4 Nf6 2. c4 d6 3. Nc3 g6 4. e4 Bg7 5. Be2 c6 6. Nf3 Qc7 7. O-O O-O 8. Re1
e5 9. d5 c5 10. h3 Bd7 11. Be3 Kh8 12. Nd2 Ng8 13. f3 Qd8 14. Qc2 f5 15. a3 Na6
16. Rab1 f4 17. Bf2 Nc7 18. b4 b6 19. b5 g5 20. Nf1 h5 21. Nh2 Nh6 22. Rb2 Ne8
23. Ra1 Nf6 24. Qd1 Qc8 25. Raa2 Rg8 26. Kf1 Qe8 27. a4 Qg6 28. Qd3 Bf8 29. a5
Be7 30. Bd1 Qh7 31. Ra3 g4 32. hxg4 hxg4 33. Nxg4 Nhxg4 34. fxg4 Nxg4 35. Bg1
Nh2+ 36. Bxh2 Qxh2 37. Bf3 Qh1+ 38. Ke2 Rxg2+ 0-1

[Event "VL18/19"]
[Site "Mecklenburg-Vorpommern"]
[Date "2019.03.10"]
[Round "7.6"]
[White "Helms, Sven"]
[Black "Kallweit, Paul"]
[Result "1-0"]
[WhiteElo "1913"]
[BlackElo "1740"]
[PlyCount "73"]
[EventDate "2018.??.??"]
[EventType "team-tourn"]
[EventRounds "9"]
[EventCountry "GER"]
[WhiteTeam "SF Schwerin III"]
[BlackTeam "SSC Rostock"]
[WhiteTeamCountry "GER"]
[BlackTeamCountry "GER"]

1. e4 c5 2. d4 cxd4 3. c3 d3 4. Bxd3 Nc6 5. f4 d6 6. Nf3 Nf6 7. O-O g6 8. Qe2
Bg7 9. h3 O-O 10. Na3 Bd7 11. Be3 Nh5 12. Kh2 a6 13. Nc2 Rc8 14. g4 Nf6 15.
Ncd4 Re8 16. g5 Nh5 17. Nxc6 Bxc6 18. Nd4 Bd7 19. Nc2 e5 20. f5 d5 21. Qf2 Nf4
22. Bxf4 exf4 23. f6 Bf8 24. exd5 Bd6 25. Kg2 Bxh3+ 26. Kxh3 Qd7+ 27. Kh4 h5
28. Qf3 Rc5 29. c4 a5 30. Rae1 Rec8 31. Nd4 b5 32. Nxb5 Rxb5 33. cxb5 Rc5 34.
Rg1 Qb7 35. Qe4 Rxd5 36. Bc4 Rd2 37. Qxg6+ 1-0

[Event "VL18/19"]
[Site "Mecklenburg-Vorpommern"]
[Date "2019.03.10"]
[Round "7.7"]
[White "Wurst, Benedikt"]
[Black "Voll, Andreas"]
[Result "1-0"]
[WhiteElo "1636"]
[BlackElo "1801"]
[PlyCount "57"]
[EventDate "2018.??.??"]
[EventType "team-tourn"]
[EventRounds "9"]
[EventCountry "GER"]
[WhiteTeam "SSC Rostock"]
[BlackTeam "SF Schwerin III"]
[WhiteTeamCountry "GER"]
[BlackTeamCountry "GER"]

1. e4 c5 2. Nf3 d6 3. d4 cxd4 4. Nxd4 Nf6 5. Nc3 a6 6. Be3 e5 7. Nb3 Be6 8. Bd3
Ng4 9. O-O Be7 10. h3 Nxe3 11. fxe3 O-O 12. Nd5 Bg5 13. Qf3 Nc6 14. Nd2 Ne7 15.
g4 Ng6 16. a4 Rc8 17. b3 Nh4 18. Qe2 Rc6 19. a5 h5 20. Nc4 hxg4 21. hxg4 Ng6
22. Ncb6 Bh4 23. c4 Qg5 24. b4 Bxg4 25. Qg2 Qh5 26. Rf5 Bxf5 27. exf5 Nh8 28.
f6 g5 29. Ne7# 1-0

[Event "VL18/19"]
[Site "Mecklenburg-Vorpommern"]
[Date "2019.03.10"]
[Round "7.8"]
[White "Popp, Michael"]
[Black "Witek, Jarne"]
[Result "1-0"]
[WhiteElo "1720"]
[BlackElo "1532"]
[PlyCount "37"]
[EventDate "2018.??.??"]
[EventType "team-tourn"]
[EventRounds "9"]
[EventCountry "GER"]
[WhiteTeam "SF Schwerin III"]
[BlackTeam "SSC Rostock"]
[WhiteTeamCountry "GER"]
[BlackTeamCountry "GER"]

1. e4 e5 2. Nf3 Nf6 3. Nxe5 d6 4. Nf3 Nxe4 5. d4 d5 6. Bd3 Bd6 7. O-O O-O 8. c4
c6 9. Nc3 Re8 10. Qc2 f5 11. Re1 Nxc3 12. Bg5 Be7 13. Bxe7 Rxe7 14. bxc3 dxc4
15. Bxc4+ Kf8 16. Rxe7 Qxe7 17. Re1 Qf6 18. Qb3 b5 19. Qb4+ 1-0

[Event "VL18/19"]
[Site "Mecklenburg-Vorpommern"]
[Date "2019.03.10"]
[Round "7.1"]
[White "Schmekel, Florian"]
[Black "Fromm, Marius"]
[Result "0-1"]
[WhiteElo "2016"]
[BlackElo "1988"]
[PlyCount "74"]
[EventDate "2018.??.??"]
[EventType "team-tourn"]
[EventRounds "9"]
[EventCountry "GER"]
[WhiteTeam "SAV Torgelow"]
[BlackTeam "Greifswalder SV II"]
[WhiteTeamCountry "GER"]
[BlackTeamCountry "GER"]

{[%evp 0,74,19,31,19,-16,26,22,38,8,6,16,3,18,6,1,28,39,28,-17,-18,-11,-3,-11,
-34,-21,-28,-42,-32,-43,-35,-60,-72,-42,-34,-72,-48,-76,-71,-60,-70,-67,-37,
-42,-53,-32,-75,-77,-61,-108,-107,-136,-79,-65,-66,-166,-155,-131,-156,-142,
-124,-115,-111,-126,-127,-128,-123,-153,-114,-113,-113,-90,-99,-99,-91,-85,-53]
} 1. d4 d5 2. c4 c6 3. Nf3 Nf6 4. Nc3 dxc4 5. a4 Bf5 6. e3 e6 7. Bxc4 Bb4 8.
O-O Nbd7 9. Ne2 O-O 10. Ng3 Bg6 11. Nh4 c5 12. Nxg6 hxg6 13. Be2 Qa5 14. Bf3
Rab8 15. Ne2 Rfd8 16. Qc2 Nb6 17. b3 cxd4 18. Nxd4 e5 19. Nb5 a6 20. Na3 Rbc8
21. Qb1 Nbd5 22. Nc4 Qc7 23. Bb2 Nc3 24. Qc1 e4 25. Bxc3 Bxc3 26. Qxc3 exf3 27.
a5 fxg2 28. Kxg2 Rd5 29. f4 Qc6 30. Kg1 Ne4 31. Qe1 Rcd8 32. Rc1 Qb5 33. b4 Nd2
34. Nxd2 Rxd2 35. Rf2 R2d3 36. Rfc2 Qf5 37. Qe2 Qd7 {ZÜ} 0-1

[Event "VL18/19"]
[Site "Mecklenburg-Vorpommern"]
[Date "2019.03.10"]
[Round "7.2"]
[White "Grzesik, Thomas"]
[Black "Lehmann, Ruben"]
[Result "1-0"]
[WhiteElo "2230"]
[BlackElo "1908"]
[PlyCount "81"]
[EventDate "2018.??.??"]
[EventType "team-tourn"]
[EventRounds "9"]
[EventCountry "GER"]
[WhiteTeam "Greifswalder SV II"]
[BlackTeam "SAV Torgelow"]
[WhiteTeamCountry "GER"]
[BlackTeamCountry "GER"]

1. e4 c6 2. d4 d5 3. exd5 cxd5 4. Bd3 Nc6 5. c3 e5 6. dxe5 Nxe5 7. Bb5+ Nc6 8.
Nf3 Bc5 9. O-O Nge7 10. Nbd2 O-O 11. Nb3 Bb6 12. Re1 Bg4 13. Be2 Qd6 14. Nfd4
Bxe2 15. Rxe2 Qf6 16. Nf3 h6 17. Be3 Bc7 18. Nc5 Ne5 19. Nxe5 Qxe5 20. g3 Qf5
21. Rd2 b6 22. Nb3 Rad8 23. Kg2 g5 24. Qh5 Qe4+ 25. Kg1 Nf5 26. Re1 Rd6 27. Nd4
Ng7 28. Qd1 a6 29. Bf4 gxf4 30. Rxe4 dxe4 31. Nb3 Rfd8 32. Rxd6 Rxd6 33. Qe2 f3
34. Qe1 f5 35. Nd4 b5 36. g4 Rg6 37. h3 fxg4 38. Qxe4 Rg5 39. hxg4 h5 40. Qxf3
Rxg4+ 41. Kf1 1-0

[Event "VL18/19"]
[Site "Mecklenburg-Vorpommern"]
[Date "2019.03.10"]
[Round "7.3"]
[White "Zentgraf, Robert"]
[Black "Lange, Jannis"]
[Result "1/2-1/2"]
[WhiteElo "2105"]
[BlackElo "1840"]
[PlyCount "56"]
[EventDate "2018.??.??"]
[EventType "team-tourn"]
[EventRounds "9"]
[EventCountry "GER"]
[WhiteTeam "SAV Torgelow"]
[BlackTeam "Greifswalder SV II"]
[WhiteTeamCountry "GER"]
[BlackTeamCountry "GER"]

1. d4 Nf6 2. Nf3 g6 3. g3 c6 4. Bg2 d5 5. O-O Bg7 6. c4 O-O 7. cxd5 cxd5 8. Nc3
Ne4 9. Qb3 Nc6 10. e3 Nxc3 11. Qxc3 Bf5 12. Nh4 Be6 13. b4 a6 14. Qb3 Qd7 15.
Bd2 Rfd8 16. Rfc1 Bh3 17. Bh1 e5 18. dxe5 Nxe5 19. Bc3 Bg4 20. f4 Nc6 21. Bxg7
Kxg7 22. Rc5 d4 23. Bf3 Bxf3 24. Nxf3 dxe3 25. Qxe3 Qd3 26. Rc3 Qxe3+ 27. Rxe3
Rd5 28. Rb1 Rad8 1/2-1/2

[Event "VL18/19"]
[Site "Mecklenburg-Vorpommern"]
[Date "2019.03.10"]
[Round "7.4"]
[White "Schwahn, Christian"]
[Black "Ehlers, Michael"]
[Result "1/2-1/2"]
[WhiteElo "1984"]
[BlackElo "1850"]
[PlyCount "88"]
[EventDate "2018.??.??"]
[EventType "team-tourn"]
[EventRounds "9"]
[EventCountry "GER"]
[WhiteTeam "Greifswalder SV II"]
[BlackTeam "SAV Torgelow"]
[WhiteTeamCountry "GER"]
[BlackTeamCountry "GER"]

1. d4 Nf6 2. c4 g6 3. g3 d5 4. Bg2 dxc4 5. Nf3 c5 6. O-O Nc6 7. dxc5 Qxd1 8.
Rxd1 Bf5 9. Na3 Bg7 10. Be3 c3 11. bxc3 O-O 12. Nd4 Ne4 13. Bxe4 Bxe4 14. f3
Bf5 15. Nxf5 gxf5 16. Nb5 e5 17. f4 exf4 18. gxf4 Rfe8 19. Rd3 Nb4 20. Kf2
Nxd3+ 21. exd3 Red8 22. Rg1 Kf8 23. d4 Bf6 24. Nd6 b6 25. Nxf5 bxc5 26. dxc5
Bxc3 27. Nd6 Rab8 28. Kf3 Rb2 29. c6 Ba5 30. Nb7 Rd5 31. Bc5+ Rxc5 32. Nxc5 Rc2
33. Nd7+ Ke7 34. Ne5 Bc7 35. Rd1 Bxe5 36. Rd7+ Ke6 37. fxe5 Rxa2 38. Rb7 Kxe5
39. c7 Rc2 40. Rxa7 f5 41. c8=Q Rxc8 42. Re7+ Kf6 43. Rxh7 Rc1 44. Rh8 Rc3+
1/2-1/2

[Event "VL18/19"]
[Site "Mecklenburg-Vorpommern"]
[Date "2019.03.10"]
[Round "7.5"]
[White "Bress, Aaron"]
[Black "Gwiazda, Slawomir"]
[Result "1/2-1/2"]
[WhiteElo "1831"]
[BlackElo "1945"]
[PlyCount "89"]
[EventDate "2018.??.??"]
[EventType "team-tourn"]
[EventRounds "9"]
[EventCountry "GER"]
[WhiteTeam "SAV Torgelow"]
[BlackTeam "Greifswalder SV II"]
[WhiteTeamCountry "GER"]
[BlackTeamCountry "GER"]

1. e4 e6 2. d4 d5 3. e5 c5 4. c3 Nc6 5. Nf3 Bd7 6. a3 Nge7 7. b4 cxd4 8. cxd4
Nf5 9. Bb2 b5 10. Bxb5 Nxe5 11. Bxd7+ Nxd7 12. O-O Be7 13. Qd3 O-O 14. Nbd2 a5
15. bxa5 Qxa5 16. Rfc1 Rfb8 17. Bc3 Qa4 18. Ra2 Nd6 19. Rca1 Nc4 20. Nxc4 dxc4
21. Qd2 Nb6 22. Ne5 Nd5 23. Bb4 Rc8 24. Bxe7 Nxe7 25. h3 Nd5 26. Qc2 Qa7 27.
Nf3 h6 28. Rb1 Rab8 29. Rxb8 Qxb8 30. Ne5 Qc7 31. Ra1 c3 32. Nd3 Qc4 33. Rb1
Qxd4 34. Rb3 e5 35. Kf1 e4 36. Nc1 e3 37. Na2 Qd2 38. Qxd2 exd2 39. Ke2 Nf4+
40. Kd1 Nd5 41. a4 Kf8 42. a5 Ke7 43. a6 Kd6 44. a7 Ra8 45. Nxc3 1/2-1/2

[Event "VL18/19"]
[Site "Mecklenburg-Vorpommern"]
[Date "2019.03.10"]
[Round "7.6"]
[White "Sowada, Christoph"]
[Black "Troemer, Felix"]
[Result "1/2-1/2"]
[WhiteElo "1941"]
[BlackElo "1808"]
[PlyCount "49"]
[EventDate "2018.??.??"]
[EventType "team-tourn"]
[EventRounds "9"]
[EventCountry "GER"]
[WhiteTeam "Greifswalder SV II"]
[BlackTeam "SAV Torgelow"]
[WhiteTeamCountry "GER"]
[BlackTeamCountry "GER"]

1. f4 Nf6 2. d3 d5 3. g3 b6 4. Bg2 Bb7 5. Nh3 e6 6. O-O Be7 7. c3 O-O 8. Nf2
Na6 9. Na3 Qd7 10. e3 Rfd8 11. Qe2 Rac8 12. Nc2 c5 13. e4 dxe4 14. dxe4 Qc7 15.
Be3 Rd7 16. g4 Rcd8 17. g5 Ne8 18. h4 f5 19. Rfd1 Nb8 20. Ne1 Ba6 21. Qf3 Nd6
22. b3 Nb5 23. Rdc1 Bb7 24. Qe2 Ba6 25. Qf3 1/2-1/2

[Event "VL18/19"]
[Site "Mecklenburg-Vorpommern"]
[Date "2019.03.10"]
[Round "7.7"]
[White "Grossmann, Piet"]
[Black "Lanin, Boris"]
[Result "0-1"]
[WhiteElo "1688"]
[BlackElo "2072"]
[PlyCount "56"]
[EventDate "2018.??.??"]
[EventType "team-tourn"]
[EventRounds "9"]
[EventCountry "GER"]
[WhiteTeam "SAV Torgelow"]
[BlackTeam "Greifswalder SV II"]
[WhiteTeamCountry "GER"]
[BlackTeamCountry "GER"]

1. e4 e5 2. Nf3 Nc6 3. d4 exd4 4. Nxd4 Nf6 5. Nxc6 bxc6 6. e5 Qe7 7. Qe2 Nd5 8.
c4 Nb6 9. Nc3 Bb7 10. Qe3 Qe6 11. b3 a5 12. a4 Bb4 13. Bd2 O-O-O 14. O-O-O Rhe8
15. Re1 Kb8 16. Kc2 d5 17. exd6 Qxd6 18. Qd3 Qf6 19. Rxe8 Rxe8 20. f3 Bc8 21.
Be2 Rd8 22. Qe3 Bf5+ 23. Kb2 Rd7 24. Re1 h6 25. Bf1 Nc8 26. h3 g5 27. Be2 Bc5
28. Qxc5 Rxd2+ 0-1

[Event "VL18/19"]
[Site "Mecklenburg-Vorpommern"]
[Date "2019.03.10"]
[Round "7.8"]
[White "Dombrowski, Frank"]
[Black "Bollnow, Alex"]
[Result "1-0"]
[WhiteElo "1873"]
[BlackElo "1659"]
[PlyCount "55"]
[EventDate "2018.??.??"]
[EventType "team-tourn"]
[EventRounds "9"]
[EventCountry "GER"]
[WhiteTeam "Greifswalder SV II"]
[BlackTeam "SAV Torgelow"]
[WhiteTeamCountry "GER"]
[BlackTeamCountry "GER"]

1. c3 Nf6 2. d4 g6 3. Bf4 Bg7 4. Nf3 d6 5. h3 Nbd7 6. e3 O-O 7. Bc4 c5 8. Nbd2
a6 9. a4 Rb8 10. O-O b5 11. axb5 axb5 12. Be2 b4 13. Ra7 bxc3 14. bxc3 Nd5 15.
Qc2 Nxf4 16. exf4 Qb6 17. Qa4 Nf6 18. Rb1 Qxb1+ 19. Nxb1 Rxb1+ 20. Kh2 Nd5 21.
dxc5 dxc5 22. Ne5 Rb2 23. Bc4 Nb6 24. Bxf7+ Rxf7 25. Qe8+ Rf8 26. Qxe7 Bd7 27.
Nxd7 Nc8 28. Nf6+ 1-0

[Event "VL18/19"]
[Site "Mecklenburg-Vorpommern"]
[Date "2019.03.10"]
[Round "7.4"]
[White "Paulowitz, Bernd Rainer"]
[Black "Schmidt, Reinhard"]
[Result "1-0"]
[WhiteElo "1868"]
[BlackElo "1777"]
[PlyCount "65"]
[EventDate "2018.??.??"]
[EventType "team-tourn"]
[EventRounds "9"]
[EventCountry "GER"]
[WhiteTeam "FHSG Stralsund"]
[BlackTeam "SFO Warnemuende"]
[WhiteTeamCountry "GER"]
[BlackTeamCountry "GER"]

1. d4 Nf6 2. Nf3 e6 3. g3 b6 4. Bg2 Bb7 5. O-O c5 6. c4 cxd4 7. Nxd4 Bxg2 8.
Kxg2 Nc6 9. Bg5 Nxd4 10. Qxd4 Be7 11. Nc3 O-O 12. Rad1 Rc8 13. e4 d5 14. cxd5
Nxd5 15. Bxe7 Nxe7 16. Qd7 Nc6 17. Rd6 Rc7 18. Qxd8 Rxd8 19. Rxd8+ Nxd8 20. Rd1
Rc8 21. Rd7 Ra8 22. f4 g6 23. Kf2 Kg7 24. e5 Nc6 25. Nb5 a6 26. Nd6 Rf8 27. Ke3
Nb4 28. a3 Nd5+ 29. Kd3 h6 30. b4 g5 31. f5 exf5 32. Nxf5+ Kg6 33. Nd4 1-0

[Event "VL18/19"]
[Site "Mecklenburg-Vorpommern"]
[Date "2019.03.10"]
[Round "7.5"]
[White "Vladov, Mark"]
[Black "Giese, Lothar"]
[Result "0-1"]
[WhiteElo "1639"]
[BlackElo "1822"]
[PlyCount "68"]
[EventDate "2018.??.??"]
[EventType "team-tourn"]
[EventRounds "9"]
[EventCountry "GER"]
[WhiteTeam "SFO Warnemuende"]
[BlackTeam "FHSG Stralsund"]
[WhiteTeamCountry "GER"]
[BlackTeamCountry "GER"]

1. c4 c5 2. g3 Nc6 3. Bg2 Nf6 4. Nc3 g6 5. Nf3 Bg7 6. O-O O-O 7. b3 d6 8. Bb2
e5 9. Ng5 h6 10. Nge4 Nxe4 11. Bxe4 f5 12. Bd5+ Kh7 13. Bg2 Be6 14. e3 Qd7 15.
Ne2 Rad8 16. d4 e4 17. Rb1 cxd4 18. exd4 d5 19. cxd5 Bxd5 20. Nf4 g5 21. Nxd5
Qxd5 22. f3 Nxd4 23. fxe4 fxe4 24. Qg4 Nf3+ 25. Kh1 Kg6 26. Rfd1 Qxd1+ 27. Rxd1
Rxd1+ 28. Bf1 Rxf1+ 29. Kg2 Rg1+ 30. Kh3 Bxb2 31. Qxe4+ Kg7 32. Qxb7+ Rf7 33.
Qe4 h5 34. g4 hxg4+ 0-1

[Event "VL18/19"]
[Site "Mecklenburg-Vorpommern"]
[Date "2019.03.10"]
[Round "7.6"]
[White "Klepin, Wilfried"]
[Black "Fenske, Harald"]
[Result "1-0"]
[WhiteElo "1798"]
[BlackElo "1583"]
[PlyCount "59"]
[EventDate "2018.??.??"]
[EventType "team-tourn"]
[EventRounds "9"]
[EventCountry "GER"]
[WhiteTeam "FHSG Stralsund"]
[BlackTeam "SFO Warnemuende"]
[WhiteTeamCountry "GER"]
[BlackTeamCountry "GER"]

1. d4 d5 2. f4 Nf6 3. Nf3 e6 4. e3 a6 5. Bd3 h6 6. O-O Be7 7. Qe2 O-O 8. Nbd2
c5 9. c3 c4 10. Bc2 Nc6 11. e4 Nh7 12. Ne5 Nxe5 13. fxe5 Bg5 14. Rf3 Bd7 15.
Nf1 Bxc1 16. Rxc1 Bc6 17. Ng3 Qh4 18. Rcf1 Qe7 19. exd5 Bxd5 20. Bxh7+ Kxh7 21.
Qc2+ Kh8 22. Rf6 g6 23. Qd2 Kh7 24. h4 Kg7 25. Nh5+ Kh7 26. Qf4 Rac8 27. Rxf7+
Rxf7 28. Qxf7+ Qxf7 29. Rxf7+ Kh8 30. Nf6 1-0

[Event "VL18/19"]
[Site "Mecklenburg-Vorpommern"]
[Date "2019.03.10"]
[Round "7.7"]
[White "Staben, Thomas"]
[Black "Jenschke, Tim"]
[Result "1/2-1/2"]
[WhiteElo "1589"]
[BlackElo "1552"]
[PlyCount "41"]
[EventDate "2018.??.??"]
[EventType "team-tourn"]
[EventRounds "9"]
[EventCountry "GER"]
[WhiteTeam "SFO Warnemuende"]
[BlackTeam "FHSG Stralsund"]
[WhiteTeamCountry "GER"]
[BlackTeamCountry "GER"]

1. e4 c5 2. Nf3 Nc6 3. b3 d6 4. Be2 Nf6 5. d3 g6 6. Bb2 e5 7. O-O Bh6 8. Nbd2
Be6 9. Nc4 O-O 10. c3 Qe7 11. Bc1 Bg7 12. Bg5 Qc7 13. Qc1 Nd7 14. Bh6 Rae8 15.
Bxg7 Kxg7 16. Ng5 b5 17. Nxe6+ Rxe6 18. Ne3 a6 19. Bg4 Ree8 20. Bh3 Nf6 21. Nd5
1/2-1/2

[Event "VL18/19"]
[Site "Mecklenburg-Vorpommern"]
[Date "2019.03.10"]
[Round "7.8"]
[White "Boettner, Oliver"]
[Black "Patrias, Joachim"]
[Result "1-0"]
[WhiteElo "1504"]
[BlackElo "1385"]
[PlyCount "73"]
[EventDate "2018.??.??"]
[EventType "team-tourn"]
[EventRounds "9"]
[EventCountry "GER"]
[WhiteTeam "FHSG Stralsund"]
[BlackTeam "SFO Warnemuende"]
[WhiteTeamCountry "GER"]
[BlackTeamCountry "GER"]

1. e4 c5 2. f4 d6 3. Nf3 a6 4. Be2 Nc6 5. d3 e6 6. O-O Be7 7. Nbd2 Bf6 8. c3 b5
9. Qe1 Bb7 10. g4 g6 11. Qf2 Nge7 12. e5 Bg7 13. Ne4 dxe5 14. Nxc5 Bc8 15. fxe5
O-O 16. d4 Qe8 17. g5 Nf5 18. Ne4 b4 19. Nf6+ Bxf6 20. gxf6 Kh8 21. Bd3 Rg8 22.
Bxf5 gxf5+ 23. Ng5 Rg6 24. Qh4 Qg8 25. Rf3 Bb7 26. Rh3 Rxg5+ 27. Bxg5 Qg6 28.
Kf2 f4 29. Qxf4 Qc2+ 30. Kg3 Nxd4 31. cxd4 Rg8 32. Rg1 Qg6 33. Kh4 Qe4 34. Qxe4
Bxe4 35. Rhg3 Bg6 36. Bd2 a5 37. Rc1 1-0

[Event "VL18/19"]
[Site "Mecklenburg-Vorpommern"]
[Date "2019.03.24"]
[Round "8.1"]
[White "Mangold, Thomas"]
[Black "Mehl, Ronald"]
[Result "1/2-1/2"]
[WhiteElo "2055"]
[BlackElo "2044"]
[PlyCount "99"]
[EventDate "2018.??.??"]
[EventType "team-tourn"]
[EventRounds "9"]
[EventCountry "GER"]
[WhiteTeam "SSC Rostock"]
[BlackTeam "FHSG Stralsund"]
[WhiteTeamCountry "GER"]
[BlackTeamCountry "GER"]

1. c4 e5 2. g3 Nc6 3. Bg2 Nf6 4. Nc3 Bc5 5. e3 O-O 6. a3 a5 7. Nge2 d6 8. O-O
Bd7 9. h3 Ne7 10. d4 Ba7 11. b4 c6 12. Bb2 Bb8 13. Qb3 Be6 14. d5 cxd5 15. cxd5
Bd7 16. b5 Qb6 17. a4 Rc8 18. Ba3 Ba7 19. Rac1 Nf5 20. Ne4 Nxe4 21. Bxe4 Ne7
22. Bg2 Rxc1 23. Rxc1 Rc8 24. Rxc8+ Bxc8 25. Qc3 Qd8 26. Nc1 Bb6 27. Nb3 Bf5
28. Nd2 Nc8 29. Kh2 Qc7 30. Qxc7 Bxc7 31. e4 Bd7 32. Nc4 b6 33. f4 f6 34. Kg1
Kf7 35. Kf2 g5 36. Bc1 h6 37. Be3 Kg6 38. Bf1 h5 39. f5+ Kg7 40. Be2 Be8 41.
Nd2 Bd8 42. Nf3 Be7 43. Bd1 Bd8 44. Ke1 Be7 45. Kd2 Bd8 46. Kd3 Bf7 47. Nd2 Be8
48. Nf1 Bf7 49. h4 g4 50. Nd2 1/2-1/2

[Event "VL18/19"]
[Site "Mecklenburg-Vorpommern"]
[Date "2019.03.24"]
[Round "8.2"]
[White "Hubert, Peter"]
[Black "Pererva, Viktor"]
[Result "1/2-1/2"]
[WhiteElo "1997"]
[BlackElo "2080"]
[PlyCount "112"]
[EventDate "2018.??.??"]
[EventType "team-tourn"]
[EventRounds "9"]
[EventCountry "GER"]
[WhiteTeam "FHSG Stralsund"]
[BlackTeam "SSC Rostock"]
[WhiteTeamCountry "GER"]
[BlackTeamCountry "GER"]

1. Nf3 d5 2. d4 Nf6 3. Bf4 c5 4. c3 Nc6 5. e3 Qb6 6. Qb3 c4 7. Qc2 Bf5 8. Qc1
Nh5 9. Nbd2 Nxf4 10. exf4 h6 11. Be2 e6 12. O-O Bd6 13. g3 O-O 14. Ne5 Qc7 15.
b3 cxb3 16. axb3 Rfc8 17. Qb2 f6 18. Nxc6 Qxc6 19. Rfc1 b5 20. Nf1 Kh8 21. Ne3
Be4 22. Qd2 a5 23. Bd3 Bxd3 24. Qxd3 a4 25. bxa4 bxa4 26. c4 Qa6 27. f5 dxc4
28. Rxc4 Rxc4 29. Qxc4 exf5 30. Qxa6 Rxa6 31. Nxf5 Bf8 32. Ne3 Kg8 33. Kf1 Bb4
34. Ra2 a3 35. Nc2 Be7 36. Ke1 Kf7 37. Kd2 Ke6 38. Kc3 Kd5 39. f3 Ra8 40. Ne3+
Kc6 41. Nc4 f5 42. d5+ Kc5 43. Rxa3 Bf6+ 44. Kd3 Rxa3+ 45. Nxa3 Kxd5 46. Nc2 g6
47. Ne3+ Kc5 48. Nc2 h5 49. h3 Bg5 50. Nd4 Kd5 51. Ne2 Bh6 52. h4 Ke5 53. f4+
Kd5 54. Nc3+ Kc5 55. Na4+ Kc6 56. Kc4 Bg7 1/2-1/2

[Event "VL18/19"]
[Site "Mecklenburg-Vorpommern"]
[Date "2019.03.24"]
[Round "8.3"]
[White "Meuer, Martin"]
[Black "Glawe, Hartmut"]
[Result "1-0"]
[WhiteElo "2116"]
[BlackElo "1942"]
[PlyCount "57"]
[EventDate "2018.??.??"]
[EventType "team-tourn"]
[EventRounds "9"]
[EventCountry "GER"]
[WhiteTeam "SSC Rostock"]
[BlackTeam "FHSG Stralsund"]
[WhiteTeamCountry "GER"]
[BlackTeamCountry "GER"]

1. e4 c5 2. a3 Nc6 3. b4 e5 4. b5 Nd4 5. c3 Ne6 6. Nf3 d5 7. Nxe5 dxe4 8. Qa4
Qd5 (8... Bd6 9. Nc4 Nf6 10. b6+ Ke7 $19) 9. b6+ Ke7 10. Nc4 Bd7 11. Qa5 a6 12.
Ne3 Qb3 $4 (12... Qc6) 13. a4 Ke8 14. Bc4 Nd8 15. Bxb3 Nc6 16. Nc4 Be6 17. Nba3
Nf6 18. Bc2 Rc8 19. O-O Nxa5 20. Nxa5 c4 21. Nxb7 Bd5 22. Na5 Nd7 23. Re1 f5
24. d4 cxd3 25. Bxd3 Nxb6 26. Bxa6 Rxc3 27. Bb2 Bb4 28. Bxc3 Bxc3 29. N3c4 1-0

[Event "VL18/19"]
[Site "Mecklenburg-Vorpommern"]
[Date "2019.03.24"]
[Round "8.4"]
[White "Kohn, Andreas"]
[Black "Hodl, Ingolf"]
[Result "1-0"]
[WhiteElo "1888"]
[BlackElo "1855"]
[PlyCount "97"]
[EventDate "2018.??.??"]
[EventType "team-tourn"]
[EventRounds "9"]
[EventCountry "GER"]
[WhiteTeam "FHSG Stralsund"]
[BlackTeam "SSC Rostock"]
[WhiteTeamCountry "GER"]
[BlackTeamCountry "GER"]

1. e4 Nf6 2. e5 Nd5 3. d4 d6 4. Nf3 g6 5. c4 Nb6 6. Nc3 Bg7 7. exd6 cxd6 8. Be3
O-O 9. Bd3 Nc6 10. h3 Nb4 11. Be2 Bf5 12. Rc1 Rc8 13. a3 Nc6 14. O-O e5 15. d5
Ne7 16. Qb3 Bd7 17. Bxb6 axb6 18. Qb4 Qc7 19. Ne4 Rcd8 20. Nxd6 f5 21. Nb5 Bxb5
22. Qxb5 Bf6 23. Rfd1 Nc8 24. b4 Nd6 25. Qa4 g5 26. c5 bxc5 27. bxc5 Ne4 28. d6
Qg7 29. Bc4+ Kh8 30. Bd5 g4 31. hxg4 Nxf2 32. Kxf2 fxg4 33. Qe4 Bh4+ 34. Ke2
gxf3+ 35. gxf3 Qg2+ 36. Kd3 Qg5 37. Rg1 Bg3 38. Rh1 h5 39. Rcg1 h4 40. Rh3 Kg7
41. Rxh4 Bxh4 42. Rxg5+ Bxg5 43. Qg4 Kh6 44. Be4 Rf4 45. Qe6+ Bf6 46. Qf7 Kg5
47. Qxb7 Rh8 48. c6 Rh1 49. c7 1-0